| 000 | 01127cam a22003137a 4500 | ||
|---|---|---|---|
| 001 | 15143012 | ||
| 005 | 20170105102345.0 | ||
| 008 | 080115s2007 maua 001 0 eng d | ||
| 010 | _a 2008270319 | ||
| 020 | _a9781597491976 | ||
| 020 | _a1597491977 (pbk.) | ||
| 035 | _a(OCoLC)ocn188032938 | ||
| 040 |
_aYDX _cYDX _dZQP _dYDXCP _dDLC |
||
| 042 | _alccopycat | ||
| 050 | 0 | 0 |
_aQA76.9.A25 _bO34 2007 |
| 082 | 0 | 4 |
_a005.8 _222 |
| 245 | 0 | 4 |
_aThe official CHFI exam 312-49 study guide : for computer hacking forensics investigators. _bfor computer hacking forensics investigators. |
| 246 | 3 | _aExam 312-49 study guide | |
| 260 |
_aBurlington, MA : _bSyngress Pub. , _cc2007. |
||
| 300 |
_axvi, 939 p. : _bill. ; _c24 cm. |
||
| 650 | 0 | _aComputer security. | |
| 650 | 0 | _aComputer crimes. | |
| 700 | 1 | _aKleiman, Dave. | |
| 856 | 4 | 2 |
_3Publisher description _uhttp://www.loc.gov/catdir/enhancements/fy0808/2008270319-d.html |
| 906 |
_a7 _bcbc _ccopycat _d2 _encip _f20 _gy-gencatlg |
||
| 942 |
_2ddc _cBK |
||
| 999 |
_c11631 _d11631 |
||